Normal view
MARC view
- Domestic drama
Entry Genre/Form Term
001 - CONTROL NUMBER
- control field: 153677
003 - CONTROL NUMBER IDENTIFIER
- control field: TR-AnTOB
005 - DATE AND TIME OF LATEST TRANSACTION
- control field: 20260415142711.0
008 - FIXED-LENGTH DATA ELEMENTS
- fixed length control field: 141201|| anznnbabn |a ana c
010 ## - LIBRARY OF CONGRESS CONTROL NUMBER
- LC control number: gf2014026294
040 ## - CATALOGING SOURCE
- Original cataloging agency: IlChALCS
- Language of cataloging: eng
- Transcribing agency: DLC
- Subject heading/thesaurus conventions: lcgft
- Modifying agency: DLC
155 ## - HEADING--GENRE/FORM TERM
- Genre/form term: Domestic drama
455 ## - SEE FROM TRACING--GENRE/FORM TERM
- Genre/form term: Bourgeois drama
555 ## - SEE ALSO FROM TRACING--GENRE/FORM TERM
- Control subfield: g
- Genre/form term: Drama
670 ## - SOURCE DATA FOUND
- Source citation: Wilson, E. The theater experience, c2004, via McGraw-Hill Higher Education online learning center, Nov. 14, 2012:
- Information found: glossary (Domestic drama: Also known as bourgeois drama. Domestic drama deals with problems of the middle and lower classes, particularly problems of the family and home.)
670 ## - SOURCE DATA FOUND
- Source citation: LCSH, Oct. 21, 2014
- Information found: (Domestic drama. UF Bourgeois drama. BT Drama)
680 ## - PUBLIC GENERAL NOTE
- Explanatory text: Plays depicting the problems of the middle and lower classes, particularly within the family and home.



